| 000 -LEADER |
| fixed length control field |
01025nam a22002657a 4500 |
| 003 - CONTROL NUMBER IDENTIFIER |
| control field |
OSt |
| 005 - DATE AND TIME OF LATEST TRANSACTION |
| control field |
20180911075124.0 |
| 008 - FIXED-LENGTH DATA ELEMENTS--GENERAL INFORMATION |
| fixed length control field |
180312b xxu||||| |||| 00| 0 spa d |
| 020 ## - INTERNATIONAL STANDARD BOOK NUMBER |
| International Standard Book Number |
9500080370 |
| 040 ## - CATALOGING SOURCE |
| Transcribing agency |
PJ |
| 100 ## - ASIENTO PRINCIPAL - NOMBRE DE PERSONA |
| 9 (RLIN) |
1936 |
| Personal name |
Maurino, Alberto Luis |
| 245 10 - MENCIÓN DE TÍTULO |
| Título propiamente dicho |
Nulidades procesales / |
| Mención de responsabilidad, etc |
Alberto Luis Maurino; prólogo de Carlos Eduardo Finochietto. |
| 260 ## - PUBLICATION, DISTRIBUTION, ETC. (IMPRINT) |
| Place of publication, distribution, etc |
Buenos Aires : |
| Name of publisher, distributor, etc |
Astrea, |
| Date of publication, distribution, etc |
1992. |
| 300 ## - DESCRIPCION FISICA |
| Extent |
xxxii, 283 p. |
| Dimensions |
23 cm. |
| 504 ## - NOTA DE BIBLIOGRAFÍA, ETC. |
| Bibliography, etc |
Bibliografía: p. 255-259. |
| 505 ## - FORMATTED CONTENTS NOTE |
| Formatted contents note |
Contenido:<br/>Demanda -- Notificación -- Prueba -- Juicio ejecutivo -- Subasta judicial.<br/>Recurso, incidente, excepción y acción de nulidad -- Efectos de la declaración de nulidad. |
| 650 ## - ASIENTO SECUNDARIO DE MATERIA - TERMINO TEMATICO |
| Topical term or geographic name as entry element |
DERECHO PROCESAL |
| 9 (RLIN) |
267 |
| 650 #0 - ASIENTO SECUNDARIO DE MATERIA - TERMINO TEMATICO |
| Topical term or geographic name as entry element |
ACTOS Y DILIGENCIAS PROCESALES |
| 9 (RLIN) |
2150 |
| 650 #0 - ASIENTO SECUNDARIO DE MATERIA - TERMINO TEMATICO |
| Topical term or geographic name as entry element |
NULIDAD PROCESAL |
| 9 (RLIN) |
2151 |
| 650 #0 - ASIENTO SECUNDARIO DE MATERIA - TERMINO TEMATICO |
| Topical term or geographic name as entry element |
JUICIO EJECUTIVO |
| 9 (RLIN) |
2021 |
| 650 #0 - ASIENTO SECUNDARIO DE MATERIA - TERMINO TEMATICO |
| Topical term or geographic name as entry element |
SUBASTA JUDICIAL |
| 9 (RLIN) |
2085 |
| 650 #0 - ASIENTO SECUNDARIO DE MATERIA - TERMINO TEMATICO |
| Topical term or geographic name as entry element |
PRUEBA |
| 9 (RLIN) |
1975 |
| 700 ## - ADDED ENTRY--PERSONAL NAME |
| 9 (RLIN) |
2096 |
| Personal name |
Fenochietto, Carlos Eduardo |
| Relator term |
prologuista |
| 942 ## - ADDED ENTRY ELEMENTS (KOHA) |
| Source of classification or shelving scheme |
|
| Koha item type |
Libros |
| Classification part |
347.959 |
| Item part |
MAU |